000
00317nam a2200121Ia 4500
005
20251222141910.0
008
251222s9999||||xx |||||||||||||| ||spa||
082
_a
303.3/G77
100
_a
Grados Bertorini, Alfonso
245
0
_a
Concertación social: ¿Alternativa o imperativo?
264
_b
Intercampus
942
_c
LIB
999
_c
8354
_d
8354